| 000 | 00514nam a2200145Ia 4500 | ||
|---|---|---|---|
| 008 | 100122s9999 xx 000 0 und d | ||
| 082 |
_b48659 _a294.5 |
||
| 100 | _aबेलसरे केशव वि | ||
| 245 | _aज्ञानदेवांचा हरीपाठ | ||
| 260 |
_bत्रिदल प्रकाशन _c1993 |
||
| 300 | _a208 | ||
| 630 | _aज्ञानदेवांचा हरीपाठ | ||
| 730 | _aज्ञानदेवांचा हरीपाठ | ||
| 942 | _cBOOK | ||
| 999 |
_c427191 _d427188 |
||